Il nuovo Diritto Industriale e d’Autore

Detalles Bibliográficos
Autor principal: Fittante, Aldo
Formato: eBook
Lenguaje:italiano
Publicado: Bari : Cacucci Editore, 2009
Materias:
Acceso en línea:http://www.vlex.com/source/7261

MARC

LEADER 00000nam a22000007a 4500
005 20130226145358.0
007 cr|||| ||||
008 130226e2009 it |||||s|||| 00||0 ita d
020 |a 9788884228802 
035 |a 7261 
040 |a vLex 
090 |c 3764  |d 3764 
100 1 0 |a Fittante, Aldo  
245 1 3 |a Il nuovo Diritto Industriale e d’Autore  |h [Recurso electrn̤ico] 
256 |a Servicio en ln̕ea 
260 |a Bari :  |b Cacucci Editore,   |c 2009  
300 |a 1 Recurso electrn̤ico 
650 0 4 |a Derechos de autor 
650 0 4 |a Propiedad industrial 
650 0 4 |a Derecho mercantil y de la empresa 
740 |a vLex Libros (Servicio en ln̕ea) 
856 |a Acceso restringido  |u http://www.vlex.com/source/7261 
942 |c BOOK 
999 0 |a Copyright